[Event "SUI-ch Blitz"]
[Site "Biel"]
[Date "2023.07.29"]
[Round "2"]
[White "Baenziger, Fabian"]
[Black "Malli, Shiivesh Sunil"]
[Result "1-0"]
[WhiteElo "2422"]
[BlackElo "1835"]
[PlyCount "43"]
[EventDate "2023.07.29"]
[EventType "swiss (blitz)"]
[EventRounds "13"]
[EventCountry "SUI"]
[SourceTitle "CBM 215 Extra"]
[Source "ChessBase"]
[SourceDate "2023.09.30"]
[SourceVersion "1"]
[SourceVersionDate "2023.09.30"]
[SourceQuality "1"]

1. Nf3 d5 2. e3 Nf6 3. c4 c6 4. Qc2 e6 5. b3 g6 6. Bb2 Bg7 7. Be2 0-0 8. d4 Nbd7 9. Nbd2 Re8 10. 0-0 b6 11. Rad1 Bb7 12. e4 dxe4 13. Nxe4 Nxe4 14. Qxe4 Nf6 15. Qf4 Qb8 16. Ne5 Nd7 17. Qxf7+ Kh8 18. Qxd7 Bxe5 19. dxe5 c5 20. Bc1 Qxe5 21. Qxb7 Qxe2 22. Bh6 1-0

[Event "Biel op-B 56th"]
[Site "Biel"]
[Date "2023.07.19"]
[Round "3"]
[White "Malli, Shiivesh Sunil"]
[Black "Novalic, Miralem"]
[Result "0-1"]
[WhiteElo "1835"]
[BlackElo "2028"]
[PlyCount "100"]
[EventDate "2023.07.17"]
[EventType "swiss"]
[EventRounds "9"]
[EventCountry "SUI"]
[SourceTitle "EXT 2024"]
[Source "ChessBase"]
[SourceDate "2023.10.10"]
[SourceVersion "1"]
[SourceVersionDate "2023.10.10"]
[SourceQuality "1"]

1. c4 Nf6 2. Nc3 e6 3. d4 Bb4 4. Bd2 b6 5. Nf3 Bb7 6. e3 0-0 7. Bd3 d5 8. cxd5 exd5 9. 0-0 Nbd7 10. Rc1 a6 11. Re1 Re8 12. Ne2 Bd6 13. Ng3 g6 14. Qb3 Qe7 15. Bc3 Rac8 16. Bb1 Ne4 17. Nd2 Ndf6 18. Ngxe4 dxe4 19. Qd1 b5 20. a3 Bd5 21. b4 a5 22. bxa5 Bxa3 23. Rc2 b4 24. Bb2 b3 25. Rc5 Bxb2 26. Rxd5 Nxd5 27. Qxb3 Qb4 28. Qxd5 Qxd2 29. Rf1 c6 30. Qb3 Rb8 31. Qa4 Qc3 32. a6 Rb4 33. Qa5 Qa3 34. Qc5 Qc3 35. Qa5 Rc4 36. Qc7 Qa3 37. a7 Ra4 38. Qxc6 Re6 39. Qa8+ Kg7 40. Bxe4 Rxa7 41. Qd5 Qa5 42. Qb3 Qb6 43. Qc2 Rc7 44. Qd3 Rc3 45. Qb1 Ba3 46. Qa1 Qb2 47. Bd5 Qxa1 48. Rxa1 Rd6 49. Bf3 Rc1+ 50. Rxc1 Bxc1 0-1

[Event "Biel op-B 56th"]
[Site "Biel"]
[Date "2023.07.18"]
[Round "2"]
[White "Malli, Shiivesh Sunil"]
[Black "Zargarov, Mikayel"]
[Result "1-0"]
[WhiteElo "1835"]
[BlackElo "1951"]
[PlyCount "93"]
[EventDate "2023.07.17"]
[EventType "swiss"]
[EventRounds "9"]
[EventCountry "SUI"]
[SourceTitle "EXT 2024"]
[Source "ChessBase"]
[SourceDate "2023.10.10"]
[SourceVersion "1"]
[SourceVersionDate "2023.10.10"]
[SourceQuality "1"]

1. c4 e5 2. Nc3 Nc6 3. g3 f5 4. Bg2 Nf6 5. d3 Bb4 6. Bd2 0-0 7. e3 d6 8. Nge2 Qe8 9. 0-0 Bxc3 10. Bxc3 Be6 11. b3 Rd8 12. d4 d5 13. c5 e4 14. b4 g5 15. b5 Nb8 16. c6 bxc6 17. Ba5 Rd7 18. Rc1 Rg7 19. Qa4 Qh5 20. Rc2 f4 21. exf4 Bg4 22. fxg5 Bxe2 23. gxf6 Rxf6 24. Rxe2 Qxe2 25. bxc6 Rgf7 26. Be1 Nxc6 27. Qb3 Rf5 28. Qc3 R7f6 29. Qc5 Qxa2 30. Bh3 Rf3 31. Bg4 Rb3 32. Qxd5+ Kg7 33. Qd7+ Kg6 34. Be6 Nxd4 35. Bxb3 Nf3+ 36. Kh1 Qe2 37. Qg4+ Kh6 38. Qh3+ Kg5 39. Bb4 Nxh2 40. Kxh2 Rh6 41. Be7+ Kg6 42. Bf7+ Kxf7 43. Qxh6 Qxf1 44. Qxh7+ Ke8 45. Bc5 Kd8 46. Qxe4 Qd1 47. Bxa7 1-0

[Event "Davos Summer op"]
[Site "Davos"]
[Date "2021.08.07"]
[Round "4"]
[White "Galerne, Rene"]
[Black "Malli, Shiivesh Sunil"]
[Result "0-1"]
[WhiteElo "1782"]
[BlackElo "1529"]
[PlyCount "90"]
[EventDate "2021.08.05"]
[EventType "swiss"]
[EventRounds "5"]
[EventCountry "SUI"]
[SourceTitle "EXT 2022"]
[Source "ChessBase"]
[SourceDate "2021.10.06"]
[SourceVersion "1"]
[SourceVersionDate "2021.10.06"]
[SourceQuality "1"]

1. e4 d5 2. exd5 Nf6 3. d4 Qxd5 4. Nf3 Bg4 5. Be2 Nc6 6. Be3 0-0-0 7. c3 Ne4 8. Nbd2 Nxd2 9. Qxd2 Qh5 10. h3 e5 11. d5 e4 12. Nd4 Bxe2 13. dxc6 Bd3 14. cxb7+ Kxb7 15. g4 Qa5 16. f3 Qa6 17. Qf2 Re8 18. f4 Bc4 19. b3 Bd3 20. b4 c6 21. Qb2 Kc7 22. Kf2 g6 23. a4 Qc4 24. Rhc1 Be7 25. b5 Bh4+ 26. Kg2 c5 27. Nc6 a6 28. Na5 Qd5 29. b6+ Kd7 30. b7 Rb8 31. Qb6 Bd8 32. Qb3 c4 33. Nxc4 Bxc4 34. Qa3 Be7 35. Qb2 Rxb7 36. Qf2 Rhb8 37. Rc2 Bd3 38. Rd2 f5 39. Bd4 e3+ 40. Qf3 Qxf3+ 41. Kxf3 exd2 42. Rd1 Be4+ 43. Ke3 Rb2 44. c4 R8b3+ 45. Ke2 Bf3+ 0-1

[Event "Davos Summer op"]
[Site "Davos"]
[Date "2021.08.05"]
[Round "1"]
[White "Zargarov, Mikayel"]
[Black "Malli, Shiivesh Sunil"]
[Result "1-0"]
[WhiteElo "1915"]
[BlackElo "1529"]
[PlyCount "87"]
[EventDate "2021.08.05"]
[EventType "swiss"]
[EventRounds "5"]
[EventCountry "SUI"]
[SourceTitle "EXT 2022"]
[Source "ChessBase"]
[SourceDate "2021.10.06"]
[SourceVersion "1"]
[SourceVersionDate "2021.10.06"]
[SourceQuality "1"]

1. d4 d5 2. Nf3 Nf6 3. Bf4 c5 4. e3 Nc6 5. Nbd2 Bg4 6. c3 Qb6 7. Qc2 Rc8 8. dxc5 Qxc5 9. Nb3 Qb6 10. Ne5 Bh5 11. a4 Nxe5 12. Bxe5 Bg6 13. Qd1 a6 14. a5 Qd8 15. Nd4 e6 16. Bxf6 gxf6 17. Qd2 Bc5 18. Be2 0-0 19. h4 h6 20. g4 Bxd4 21. exd4 Kg7 22. Rg1 Qd6 23. f4 Be4 24. 0-0-0 Qc7 25. Bd3 Bxd3 26. Qxd3 Qxf4+ 27. Rd2 Rh8 28. Qe2 Qc7 29. g5 hxg5 30. hxg5 fxg5 31. Rxg5+ Kf8 32. Qf3 Qxa5 33. Rf2 Qc7 34. Qf6 Rh1+ 35. Kc2 Rh2 36. Rgg2 Rxg2 37. Rxg2 Qd7 38. Rh2 Qa4+ 39. Kd2 Ke8 40. Rh8+ Kd7 41. Qxf7+ Kd6 42. Rxc8 Qb5 43. Qf8+ Kd7 44. Qd8# 1-0